000 01032nam a22003377a 4500
001 0022409
003 KOHA_MİRAKIL
005 20260207002343.0
007 ta
008 100922b1987 tu a|||gr||||#0|||0|tur |
040 _aTR-BiSEU
_btur
_cTR-BiSEU
_erda
041 0 _atur
044 _ctu
050 _aDR592
_b.A83 1987
100 1 _aAtatürk, Mustafa Kemal.
245 1 _aNutuk (söylev)/
_cMustafa Kemal Atatürk ; Mustafa Kemal Atatürk ; günümüz Türkçesine uyg. Nur Ardakoç.
250 _a3.bs.
264 1 _aİstanbul :
_bGK
_c1987
300 _a640 sayfa :
_bres. ;
_c20 sm.
336 _ametin
_btxt
_2rdacontent
337 _aaracısız
_bn
_2rdamedia
338 _acilt
_bnc
_2rdacarrier
490 1 _aGeçit Kitabevi Yayın;No.13
500 _aDizin var.
650 0 _aSiyasi tarih 1919-1927 Türkiye.
_95624
650 0 _aKurtuluş savaşı 1918-1923.
_95625
650 0 _aTürkiye Tarih 20. yy.
_95626
830 1 _aGeçit Kitabevi Yayın;No.13
_946793
907 _aTarih
942 _2lcc
_cBK
999 _c22365
_d22365